| 000 | 00557nam a2200205Ia 4500 | ||
|---|---|---|---|
| 003 | OSt | ||
| 005 | 20251211120539.0 | ||
| 008 | 210707s1983 xx 000 0 und d | ||
| 040 | _cAL | ||
| 041 | _aKannada | ||
| 082 | _aK894.2 VENM | ||
| 100 |
_aVENKATARAMAYYA (C K) _9129348 _dವೆಂಕಟರಾಮಯ್ಯ (ಸಿಕೆ) |
||
| 245 |
_aMandodari. _bಮಂಡೋದರಿ |
||
| 260 |
_aBengaluru _bVishva Kannada Sammelana _c1983 |
||
| 300 | _a80,iv p | ||
| 365 |
_b2 _cINR |
||
| 563 | _aPB | ||
| 650 |
_aKannada Drama _9129349 |
||
| 942 |
_2ddc _cBK |
||
| 999 |
_c180169 _d180169 |
||